[Event "NB I. Charousek csoport"]
[Site "Ajka"]
[Date "2024.04.07"]
[Round "9.6"]
[White "Szelenyi, Norbert"]
[Black "Csontos, Aron"]
[Result "1-0"]
[WhiteElo "2251"]
[BlackElo "2205"]
[PlyCount "89"]
[EventDate "2023.10.08"]
[EventType "team-tourn"]
[EventRounds "11"]
[EventCountry "HUN"]
[Source "chess.hu"]
[WhiteTeam "Sentimento Ajka BSK"]
[BlackTeam "Haladas VSE II."]
[WhiteTeamCountry "HUN"]
[BlackTeamCountry "HUN"]

1. d4 Nf6 2. Nf3 e6 3. Bf4 c5 4. e3 cxd4 5. exd4 b6 6. Nbd2 Bb7 7. Be2 Be7 8.
h3 O-O 9. O-O d6 10. Re1 Nbd7 11. Bh2 Re8 12. c3 Qc7 13. Bf1 Bf8 14. a4 a6 15.
Nc4 Bd5 16. Ne3 Bc6 17. c4 e5 18. d5 Bb7 19. a5 bxa5 20. Qa4 Reb8 21. Qxa5 Qxa5
22. Rxa5 Bc8 23. Rb1 Rb6 24. b4 Rab8 25. Nc2 Nc5 26. Rd1 Nb7 27. Ra3 Bf5 28.
Nfe1 Ra8 29. f4 exf4 30. Bxf4 Nd8 31. Be3 Rbb8 32. Rda1 Ne4 33. Rxa6 Rxa6 34.
Rxa6 Be7 35. Nd4 Bc8 36. Ra7 Bh4 37. Nef3 Bg3 38. Nc6 Nxc6 39. dxc6 f5 40. b5
Nc5 41. c7 Rb7 42. Ra8 Rxc7 43. b6 Rc6 44. Bxc5 dxc5 45. b7 1-0

[Event "NB I. Charousek csoport"]
[Site "Ajka"]
[Date "2024.04.07"]
[Round "9.7"]
[White "Magyar, Andras"]
[Black "Kozma, Karoly"]
[Result "1-0"]
[WhiteElo "2235"]
[BlackElo "2191"]
[PlyCount "57"]
[EventDate "2023.10.08"]
[EventType "team-tourn"]
[EventRounds "11"]
[EventCountry "HUN"]
[Source "chess.hu"]
[WhiteTeam "Haladas VSE II."]
[BlackTeam "Sentimento Ajka BSK"]
[WhiteTeamCountry "HUN"]
[BlackTeamCountry "HUN"]

1. e4 c5 2. Nf3 d6 3. d4 cxd4 4. Nxd4 Nf6 5. Nc3 Nc6 6. Bc4 e6 7. Be3 a6 8. Bb3
Qc7 9. O-O Be7 10. f4 Na5 11. Qf3 O-O 12. g4 d5 13. e5 Nd7 14. Bxd5 Nxe5 15.
fxe5 exd5 16. Nxd5 Qxe5 17. Rad1 Bg5 18. Bxg5 Qxg5 19. Nf5 Bxf5 20. Qxf5 Qh4
21. Ne3 Rae8 22. Ng2 Qh3 23. Rd3 Qh6 24. Qxa5 Re2 25. Rd8 Qc6 26. Rxf8+ Kxf8
27. Qd8+ Re8 28. Qd2 Qb6+ 29. Qf2 1-0

[Event "NB I. Charousek csoport"]
[Site "Ajka"]
[Date "2024.04.07"]
[Round "9.8"]
[White "Vass, Viktor"]
[Black "Egri, Laszlo Jr"]
[Result "0-1"]
[WhiteElo "2139"]
[BlackElo "2227"]
[PlyCount "46"]
[EventDate "2023.10.08"]
[EventType "team-tourn"]
[EventRounds "11"]
[EventCountry "HUN"]
[Source "chess.hu"]
[WhiteTeam "Sentimento Ajka BSK"]
[BlackTeam "Haladas VSE II."]
[WhiteTeamCountry "HUN"]
[BlackTeamCountry "HUN"]

1. e4 c5 2. Nf3 e6 3. Be2 a6 4. a4 Nf6 5. Nc3 d6 6. d4 cxd4 7. Nxd4 Nc6 8. O-O
Be7 9. Nb3 O-O 10. f4 Bd7 11. Kh1 Rc8 12. Bf3 Qc7 13. g4 d5 14. exd5 Nb4 15.
Nd4 Nfxd5 16. Nxd5 Nxd5 17. Bxd5 exd5 18. f5 Bf6 19. c3 Rfe8 20. Bf4 Qc4 21.
Rf3 Re4 22. b3 Qc5 23. Ne2 Bc6 0-1

[Event "NB I. Charousek csoport"]
[Site "Ajka"]
[Date "2024.04.07"]
[Round "9.9"]
[White "Pergel, Laszlo"]
[Black "Szalay-Ocsak, Bank"]
[Result "1/2-1/2"]
[WhiteElo "2189"]
[BlackElo "2210"]
[PlyCount "38"]
[EventDate "2023.10.08"]
[EventType "team-tourn"]
[EventRounds "11"]
[EventCountry "HUN"]
[Source "chess.hu"]
[WhiteTeam "Haladas VSE II."]
[BlackTeam "Sentimento Ajka BSK"]
[WhiteTeamCountry "HUN"]
[BlackTeamCountry "HUN"]

1. e4 c5 2. Nf3 d6 3. Bb5+ Bd7 4. Bxd7+ Qxd7 5. d4 cxd4 6. Nxd4 Nf6 7. f3 e5 8.
Nb3 d5 9. exd5 Qxd5 10. O-O Nc6 11. Qe2 Be7 12. Be3 O-O 13. Nc3 Qe6 14. Nc5
Bxc5 15. Bxc5 Rfd8 16. Rad1 b6 17. Bf2 Rac8 18. Rxd8+ Rxd8 19. Rd1 Rxd1+
1/2-1/2

[Event "NB I. Charousek csoport"]
[Site "Ajka"]
[Date "2024.04.07"]
[Round "9.10"]
[White "Kosztolanczi, Gyula"]
[Black "Tomasic, Roland"]
[Result "0-1"]
[WhiteElo "2063"]
[BlackElo "2112"]
[PlyCount "102"]
[EventDate "2023.10.08"]
[EventType "team-tourn"]
[EventRounds "11"]
[EventCountry "HUN"]
[Source "chess.hu"]
[WhiteTeam "Sentimento Ajka BSK"]
[BlackTeam "Haladas VSE II."]
[WhiteTeamCountry "HUN"]
[BlackTeamCountry "HUN"]

1. e4 c5 2. Nf3 d6 3. d4 cxd4 4. Nxd4 Nf6 5. Nc3 e6 6. Bc4 Nc6 7. Bb3 Be7 8. g4
O-O 9. g5 Nxd4 10. Qxd4 Nd7 11. f4 e5 12. Qg1 exf4 13. Bxf4 Ne5 14. O-O-O Bg4
15. Qg3 Bxg5 16. Bxg5 Qxg5+ 17. Kb1 Qh6 18. Rd5 Qh3 19. Qxh3 Bxh3 20. Rxd6 Rad8
21. Rhd1 Rxd6 22. Rxd6 g5 23. Rd5 Nf3 24. Rb5 b6 25. Nd5 Nd2+ 26. Kc1 Nxe4 27.
Ne7+ Kg7 28. Re5 f5 29. c3 h6 30. Nc6 Nc5 31. Re7+ Kf6 32. Bd5 a5 33. b4 axb4
34. cxb4 Nd3+ 35. Kd2 Nf4 36. Bc4 Bg2 37. Rc7 Bd5 38. Bxd5 Nxd5 39. Rh7 Ra8 40.
Rxh6+ Kg7 41. Rd6 Nf6 42. Ke3 Rxa2 43. Ne7 f4+ 44. Kf3 Rxh2 45. Rxb6 Rh3+ 46.
Kg2 g4 47. Rb7 f3+ 48. Kg1 Ne4 49. Nd5+ Kh6 50. Re7 f2+ 51. Kg2 Rg3+ 0-1

[Event "NB I. Charousek csoport"]
[Site "Ajka"]
[Date "2024.04.07"]
[Round "9.11"]
[White "Apro, Barnabas"]
[Black "Pasti, Anna"]
[Result "1-0"]
[WhiteElo "2052"]
[BlackElo "1974"]
[PlyCount "41"]
[EventDate "2023.10.08"]
[EventType "team-tourn"]
[EventRounds "11"]
[EventCountry "HUN"]
[Source "chess.hu"]
[WhiteTeam "Haladas VSE II."]
[BlackTeam "Sentimento Ajka BSK"]
[WhiteTeamCountry "HUN"]
[BlackTeamCountry "HUN"]

1. e4 c5 2. Nf3 e6 3. d4 cxd4 4. Nxd4 a6 5. c4 Nf6 6. Nc3 Bb4 7. Qd3 Qc7 8. a3
Bxc3+ 9. Qxc3 Nxe4 10. Nb5 axb5 11. Qxg7 Rf8 12. Bh6 Qc5 13. f3 Nf2 14. b4 Qe7
15. Kxf2 bxc4 16. Qxf8+ Qxf8 17. Bxf8 Kxf8 18. Bxc4 d5 19. Bd3 Nd7 20. Rhc1 Ne5
21. Bb5 1-0

[Event "NB I. Charousek csoport"]
[Site "Ajka"]
[Date "2024.04.07"]
[Round "9.12"]
[White "Gaal, Sandor"]
[Black "Vilics, Hanna"]
[Result "1-0"]
[WhiteElo "1978"]
[BlackElo "1817"]
[PlyCount "69"]
[EventDate "2023.10.08"]
[EventType "team-tourn"]
[EventRounds "11"]
[EventCountry "HUN"]
[Source "chess.hu"]
[WhiteTeam "Sentimento Ajka BSK"]
[BlackTeam "Haladas VSE II."]
[WhiteTeamCountry "HUN"]
[BlackTeamCountry "HUN"]

1. Nf3 d5 2. g3 Nf6 3. Bg2 e6 4. O-O Be7 5. d3 O-O 6. Nbd2 c5 7. e4 d4 8. a4
Nc6 9. Nc4 b6 10. Nfe5 Nxe5 11. Nxe5 Bb7 12. f4 Qc7 13. g4 Nd7 14. Nxd7 Qxd7
15. f5 f6 16. h4 a6 17. b3 b5 18. axb5 axb5 19. Rxa8 Rxa8 20. g5 exf5 21. Rxf5
Ra1 22. gxf6 Bxf6 23. Bh3 Qe7 24. Rf1 Bxh4 25. Qh5 Bf6 26. Qf5 Ra2 27. e5 Ra6
28. exf6 Qc7 29. f7+ Kf8 30. Bf4 Qc6 31. Kh2 Ra2 32. Kg3 Rxc2 33. Qe6 Rg2+ 34.
Kh4 g5+ 35. Bxg5 1-0

[Event "NB I. Charousek csoport"]
[Site "Szentgotthard"]
[Date "2024.04.21"]
[Round "10.1"]
[White "Kiss, Attila"]
[Black "Sebenik, Matej"]
[Result "0-1"]
[WhiteElo "2289"]
[BlackElo "2513"]
[PlyCount "68"]
[EventDate "2023.10.08"]
[EventType "team-tourn"]
[EventRounds "11"]
[EventCountry "HUN"]
[Source "chess.hu"]
[WhiteTeam "Haladas VSE II."]
[BlackTeam "SZ-A STE"]
[WhiteTeamCountry "HUN"]
[BlackTeamCountry "HUN"]

1. e4 c5 2. Nf3 d6 3. d4 cxd4 4. Nxd4 Nf6 5. Nc3 a6 6. Be3 e5 7. Nf3 Be7 8. Bc4
O-O 9. O-O Nc6 10. h3 Na5 11. Bb3 h6 12. Qe2 Nxb3 13. axb3 Be6 14. Rfd1 Qc7 15.
Nd5 Nxd5 16. exd5 Bd7 17. Ne1 f5 18. f3 Rae8 19. Nd3 Bf6 20. c3 f4 21. Bf2 Bf5
22. Ra4 g5 23. Rc4 Qh7 24. Bb6 e4 25. Nf2 e3 26. Nd3 Rf7 27. Ne1 Qg6 28. Bd4
Bd8 29. Ra4 h5 30. c4 g4 31. c5 Bh4 32. c6 Bf2+ 33. Kh1 gxh3 34. Bc3 Qg3 0-1

[Event "NB I. Charousek csoport"]
[Site "Szentgotthard"]
[Date "2024.04.21"]
[Round "10.2"]
[White "Seres, Lajos"]
[Black "Trbojevic, Mladen"]
[Result "0-1"]
[WhiteElo "2325"]
[BlackElo "2337"]
[PlyCount "82"]
[EventDate "2023.10.08"]
[EventType "team-tourn"]
[EventRounds "11"]
[EventCountry "HUN"]
[Source "chess.hu"]
[WhiteTeam "SZ-A STE"]
[BlackTeam "Haladas VSE II."]
[WhiteTeamCountry "HUN"]
[BlackTeamCountry "HUN"]

1. d4 Nf6 2. Nf3 g6 3. c4 Bg7 4. g3 d5 5. cxd5 Nxd5 6. Bg2 Nb6 7. Nc3 Nc6 8. e3
O-O 9. O-O Re8 10. Re1 a5 11. Nb5 Bd7 12. Qe2 e5 13. dxe5 Nxe5 14. Nxe5 Bxe5
15. f4 Bg7 16. e4 Be6 17. Rd1 Qe7 18. Nd4 Bd5 19. e5 Bxg2 20. Qxg2 f6 21. Qxb7
fxe5 22. fxe5 Bxe5 23. Nf3 Qc5+ 24. Kh1 Rab8 25. Qa6 Qc6 26. Rf1 Rf8 27. Qe2
Nc4 28. Rb1 Na3 29. Bh6 Nxb1 30. Bxf8 Rxf8 31. Kg2 Bg7 32. Rxb1 g5 33. g4 h5
34. h3 hxg4 35. hxg4 Rf4 36. Rd1 Rxg4+ 37. Kh3 Rf4 38. Rd8+ Bf8 39. Kg3 Qf6 40.
Re8 Kg7 41. Re6 Rxf3+ 0-1

[Event "NB I. Charousek csoport"]
[Site "Szentgotthard"]
[Date "2024.04.21"]
[Round "10.3"]
[White "Sardy, Peter Dr"]
[Black "Takacs, Balazs"]
[Result "1/2-1/2"]
[WhiteElo "2369"]
[BlackElo "2324"]
[PlyCount "33"]
[EventDate "2023.10.08"]
[EventType "team-tourn"]
[EventRounds "11"]
[EventCountry "HUN"]
[Source "chess.hu"]
[WhiteTeam "Haladas VSE II."]
[BlackTeam "SZ-A STE"]
[WhiteTeamCountry "HUN"]
[BlackTeamCountry "HUN"]

1. e4 c5 2. Nc3 Nc6 3. Bb5 Nf6 4. Bxc6 dxc6 5. d3 e5 6. Nge2 Bd6 7. O-O Nh5 8.
Ng3 Nxg3 9. fxg3 h5 10. h3 Be6 11. Qe2 Be7 12. Be3 b6 13. a3 g6 14. Rab1 a5 15.
Qd2 O-O 16. Rf3 Ra7 17. Rbf1 1/2-1/2

[Event "NB I. Charousek csoport"]
[Site "Szentgotthard"]
[Date "2024.04.21"]
[Round "10.4"]
[White "Gjuran, Denis"]
[Black "Csontos, Aron"]
[Result "1-0"]
[WhiteElo "2286"]
[BlackElo "2205"]
[PlyCount "59"]
[EventDate "2023.10.08"]
[EventType "team-tourn"]
[EventRounds "11"]
[EventCountry "HUN"]
[Source "chess.hu"]
[WhiteTeam "SZ-A STE"]
[BlackTeam "Haladas VSE II."]
[WhiteTeamCountry "HUN"]
[BlackTeamCountry "HUN"]

1. e4 c5 2. c3 Nf6 3. d3 e5 4. g3 d5 5. Nd2 Nc6 6. Bg2 Be6 7. Ngf3 h6 8. O-O d4
9. Ne1 Bd6 10. Qe2 Qe7 11. Nc2 O-O-O 12. cxd4 cxd4 13. f4 Kb8 14. f5 Bd7 15.
Nc4 Rc8 16. a4 Bc7 17. Bd2 Ne8 18. b4 Bd6 19. Rfb1 Nd8 20. b5 Bc5 21. Nxe5 Nd6
22. Bf4 Be8 23. Nb4 Bxb4 24. Rxb4 Ka8 25. Rxd4 f6 26. Ng6 Bxg6 27. Bxd6 Qd7 28.
fxg6 Ne6 29. Rd5 Rhe8 30. Bh3 1-0

[Event "NB I. Charousek csoport"]
[Site "Szentgotthard"]
[Date "2024.04.21"]
[Round "10.5"]
[White "Magyar, Andras"]
[Black "Ronai, Akos Balazs"]
[Result "1/2-1/2"]
[WhiteElo "2235"]
[BlackElo "2171"]
[PlyCount "73"]
[EventDate "2023.10.08"]
[EventType "team-tourn"]
[EventRounds "11"]
[EventCountry "HUN"]
[Source "chess.hu"]
[WhiteTeam "Haladas VSE II."]
[BlackTeam "SZ-A STE"]
[WhiteTeamCountry "HUN"]
[BlackTeamCountry "HUN"]

1. e4 e5 2. Nf3 Nf6 3. Nxe5 d6 4. Nf3 Nxe4 5. Nc3 Nxc3 6. dxc3 Be7 7. Bf4 Nd7
8. Qd2 O-O 9. O-O-O Nc5 10. Nd4 Ne6 11. Be3 Nxd4 12. cxd4 d5 13. Bd3 b6 14. Qe2
Be6 15. f4 Qd7 16. h3 Bf5 17. Qf3 Bxd3 18. Rxd3 f5 19. g4 c6 20. Rg1 b5 21. Bd2
Bd6 22. gxf5 Rxf5 23. Qg4 Raf8 24. Rdg3 R8f7 25. Qh4 Rxf4 26. Bxf4 Bxf4+ 27.
Kb1 Bxg3 28. Qxg3 Qf5 29. a4 Qf4 30. axb5 Qxg3 31. Rxg3 cxb5 32. Rg5 Rd7 33. c3
Kf7 34. Re5 Kf6 35. Kc2 g5 36. Kd3 h5 37. h4 1/2-1/2

[Event "NB I. Charousek csoport"]
[Site "Szentgotthard"]
[Date "2024.04.21"]
[Round "10.6"]
[White "Kovac, Boris"]
[Black "Egri, Laszlo Jr"]
[Result "0-1"]
[WhiteElo "2157"]
[BlackElo "2227"]
[PlyCount "60"]
[EventDate "2023.10.08"]
[EventType "team-tourn"]
[EventRounds "11"]
[EventCountry "HUN"]
[Source "chess.hu"]
[WhiteTeam "SZ-A STE"]
[BlackTeam "Haladas VSE II."]
[WhiteTeamCountry "HUN"]
[BlackTeamCountry "HUN"]

1. e4 c5 2. Nf3 e6 3. d4 cxd4 4. Nxd4 a6 5. Nc3 Qc7 6. a3 Nf6 7. Be3 b5 8. Bd3
Bb7 9. O-O Be7 10. f4 d6 11. f5 e5 12. Nb3 h5 13. h3 Nbd7 14. Qf3 h4 15. Rac1
Rc8 16. Rfd1 Nb6 17. Na5 Ba8 18. Qf2 Nc4 19. Bxc4 bxc4 20. Bb6 Qb8 21. Re1 Nd7
22. Na4 d5 23. b4 d4 24. Bxd4 exd4 25. Qxd4 Qb5 26. e5 Qxa4 27. e6 Nf6 28.
exf7+ Kxf7 29. Rxe7+ Kxe7 30. Qe5+ Kf8 0-1

[Event "NB I. Charousek csoport"]
[Site "Szentgotthard"]
[Date "2024.04.21"]
[Round "10.7"]
[White "Pergel, Laszlo"]
[Black "Volosin, Vladimir"]
[Result "1/2-1/2"]
[WhiteElo "2189"]
[BlackElo "2168"]
[PlyCount "20"]
[EventDate "2023.10.08"]
[EventType "team-tourn"]
[EventRounds "11"]
[EventCountry "HUN"]
[Source "chess.hu"]
[WhiteTeam "Haladas VSE II."]
[BlackTeam "SZ-A STE"]
[WhiteTeamCountry "HUN"]
[BlackTeamCountry "HUN"]

1. e4 c6 2. d4 d5 3. Nd2 dxe4 4. Nxe4 Bf5 5. Ng3 Bg6 6. h4 h5 7. f4 e6 8. Nf3
Nd7 9. Bd3 Bxd3 10. Qxd3 Ngf6 1/2-1/2

[Event "NB I. Charousek csoport"]
[Site "Szentgotthard"]
[Date "2024.04.21"]
[Round "10.8"]
[White "Makk, Robert"]
[Black "Tomasic, Roland"]
[Result "0-1"]
[WhiteElo "2167"]
[BlackElo "2112"]
[PlyCount "96"]
[EventDate "2023.10.08"]
[EventType "team-tourn"]
[EventRounds "11"]
[EventCountry "HUN"]
[Source "chess.hu"]
[WhiteTeam "SZ-A STE"]
[BlackTeam "Haladas VSE II."]
[WhiteTeamCountry "HUN"]
[BlackTeamCountry "HUN"]

1. e4 c5 2. Nf3 d6 3. d4 cxd4 4. Nxd4 Nf6 5. Nc3 Nc6 6. Be2 e6 7. Be3 Be7 8.
O-O O-O 9. f4 Bd7 10. Nb3 a5 11. a4 Nb4 12. Bf3 Bc6 13. Nd4 d5 14. Nxc6 bxc6
15. e5 Nd7 16. Ne2 Rb8 17. Nd4 Qc8 18. Qd2 Nb6 19. Be2 Nc4 20. Bxc4 dxc4 21. c3
Nd5 22. Rab1 Rd8 23. Qe2 Nxe3 24. Qxe3 Bc5 25. Rfd1 Rd5 26. Qe2 Bxd4+ 27. Rxd4
Rxd4 28. cxd4 Rb4 29. Rc1 Rxa4 30. Rxc4 Qa6 31. b3 Rxc4 32. bxc4 Qb6 33. Qd1
Qb4 34. d5 Qc5+ 35. Kh1 exd5 36. cxd5 Qxd5 37. Qb1 g6 38. h3 a4 39. Qb4 Qb5 40.
Qd2 h5 41. Kh2 Qc4 42. Kg3 a3 43. f5 Qe4 44. Qd8+ Kh7 45. fxg6+ Qxg6+ 46. Kh2
a2 47. Qa5 Qe6 48. Qe1 Qf5 0-1

[Event "NB I. Charousek csoport"]
[Site "Szentgotthard"]
[Date "2024.04.21"]
[Round "10.9"]
[White "Gombocz, Zsofia"]
[Black "Hitter, Gabriella"]
[Result "1/2-1/2"]
[WhiteElo "2071"]
[BlackElo "2046"]
[PlyCount "33"]
[EventDate "2023.10.08"]
[EventType "team-tourn"]
[EventRounds "11"]
[EventCountry "HUN"]
[Source "chess.hu"]
[WhiteTeam "Haladas VSE II."]
[BlackTeam "SZ-A STE"]
[WhiteTeamCountry "HUN"]
[BlackTeamCountry "HUN"]

1. e4 c5 2. Nf3 d6 3. Bb5+ Bd7 4. Bxd7+ Nxd7 5. O-O Ngf6 6. Qe2 e6 7. d4 cxd4
8. Nxd4 Be7 9. c4 O-O 10. Rd1 a6 11. b3 Qc7 12. Bb2 b6 13. Nc3 Rac8 14. Rd3 Qb7
15. Rg3 Rfd8 16. Qe3 Nf8 17. Kh1 1/2-1/2

[Event "NB I. Charousek csoport"]
[Site "Szentgotthard"]
[Date "2024.04.21"]
[Round "10.10"]
[White "Parragi, Istvan"]
[Black "Colev, Ivor"]
[Result "1-0"]
[WhiteElo "1918"]
[BlackElo "2079"]
[PlyCount "89"]
[EventDate "2023.10.08"]
[EventType "team-tourn"]
[EventRounds "11"]
[EventCountry "HUN"]
[Source "chess.hu"]
[WhiteTeam "SZ-A STE"]
[BlackTeam "Haladas VSE II."]
[WhiteTeamCountry "HUN"]
[BlackTeamCountry "HUN"]

1. Nh3 Nf6 2. d4 g6 3. g3 Bg7 4. Bg2 O-O 5. c4 d6 6. f3 e5 7. d5 e4 8. O-O Na6
9. f4 Ne8 10. Qc2 f5 11. Be3 Nc5 12. Nc3 a5 13. b3 Nf6 14. Nf2 Nfd7 15. Rad1 h6
16. a3 Nb6 17. Nb5 Bd7 18. Nd4 Re8 19. Rb1 c6 20. dxc6 bxc6 21. Rfd1 Qc8 22.
Kh1 Qa6 23. Nxc6 Bxc6 24. Rxd6 Nc8 25. Rxg6 Ne6 26. g4 Nf8 27. Rxg7+ Kxg7 28.
Qc3+ Kh7 29. Qf6 Qb7 30. gxf5 Qg7 31. Qxc6 Ne7 32. Qxe4 Qf6 33. Bd4 Qxf5 34.
Ng4 Nd7 35. Ne3 Qxe4 36. Bxe4+ Ng6 37. Bd3 Rad8 38. Rg1 Ndf8 39. Nd5 Re6 40. f5
Red6 41. Rxg6 Nxg6 42. fxg6+ Kg8 43. b4 axb4 44. axb4 h5 45. Kg2 1-0

[Event "NB I. Charousek csoport"]
[Site "Szentgotthard"]
[Date "2024.04.21"]
[Round "10.11"]
[White "Joo, Gabor"]
[Black "Szabo, Zsombor"]
[Result "0-1"]
[WhiteElo "1977"]
[BlackElo "1792"]
[PlyCount "86"]
[EventDate "2023.10.08"]
[EventType "team-tourn"]
[EventRounds "11"]
[EventCountry "HUN"]
[Source "chess.hu"]
[WhiteTeam "Haladas VSE II."]
[BlackTeam "SZ-A STE"]
[WhiteTeamCountry "HUN"]
[BlackTeamCountry "HUN"]

1. Nf3 Nf6 2. g3 g6 3. Bg2 Bg7 4. O-O O-O 5. d3 d6 6. c4 e5 7. Nc3 Nc6 8. a3 a5
9. e3 Re8 10. Qc2 Bf5 11. Ng5 Qd7 12. b3 h6 13. Nge4 Nxe4 14. dxe4 Bh3 15. Bb2
h5 16. Qe2 Nd8 17. Nd5 Bxg2 18. Kxg2 Ne6 19. h4 Reb8 20. f4 b6 21. f5 Nc5 22.
fxg6 fxg6 23. Nf6+ Bxf6 24. Rxf6 Kg7 25. Raf1 Rf8 26. Qf3 Qe7 27. Rxf8 Rxf8 28.
Qd1 Rxf1 29. Qxf1 Nxb3 30. Qd3 Nc5 31. Qd5 Qf7 32. Bc3 Qxd5 33. exd5 Kf6 34.
Kf3 Kf5 35. Bd2 Ne4 36. Be1 g5 37. hxg5 Nxg5+ 38. Ke2 Kg4 39. Kf2 Kh3 40. Ke2
Kg2 41. g4 hxg4 42. Bh4 Nf7 43. e4 g3 0-1

[Event "NB I. Charousek csoport"]
[Site "Gyor"]
[Date "2024.04.21"]
[Round "10.2"]
[White "Ezsol, Miklos"]
[Black "Czebe, Attila"]
[Result "0-1"]
[WhiteElo "2327"]
[BlackElo "2345"]
[PlyCount "98"]
[EventDate "2023.10.08"]
[EventType "team-tourn"]
[EventRounds "11"]
[EventCountry "HUN"]
[Source "chess.hu"]
[WhiteTeam "Gyori Elektromos"]
[BlackTeam "Sentimento Ajka BSK"]
[WhiteTeamCountry "HUN"]
[BlackTeamCountry "HUN"]

1. e4 c5 2. Nc3 a6 3. g3 b5 4. Bg2 Bb7 5. d3 e6 6. f4 d5 7. Qe2 d4 8. Nd1 Nc6
9. Nf3 c4 10. O-O cxd3 11. cxd3 Nf6 12. Nf2 Be7 13. Bd2 O-O 14. g4 Nd7 15. Kh1
Kh8 16. Rg1 f5 17. gxf5 exf5 18. Rac1 fxe4 19. Nxe4 Qb6 20. Neg5 Rae8 21. Nxh7
Kxh7 22. Qe6 Nc5 23. Qh3+ Kg8 24. Ng5 Bxg5 25. Bd5+ Ne6 26. Bxe6+ Rxe6 27.
Qxe6+ Kh8 28. Rg2 Bh6 29. Kg1 Qd8 30. Re1 Qf6 31. Rg6 Qxe6 32. Rexe6 Rc8 33.
Rd6 Rc7 34. Rge6 Ne7 35. Rxd4 Nf5 36. Rd8+ Kh7 37. Bc3 b4 38. Bxb4 Rc2 39. Bc3
Bxf4 40. Kf1 Rxh2 41. Re4 Bxe4 42. dxe4 Ng3+ 43. Ke1 Nxe4 44. Bd4 Ng5 45. Bf2
Be5 46. Ra8 Ne4 47. Be3 Rxb2 48. Rxa6 Nc3 49. Bd2 Bg3+ 0-1

[Event "NB I. Charousek csoport"]
[Site "Gyor"]
[Date "2024.04.21"]
[Round "10.3"]
[White "Egresi, Mate"]
[Black "Schmikli, Laszlo"]
[Result "1-0"]
[WhiteElo "2374"]
[BlackElo "2181"]
[PlyCount "69"]
[EventDate "2023.10.08"]
[EventType "team-tourn"]
[EventRounds "11"]
[EventCountry "HUN"]
[Source "chess.hu"]
[WhiteTeam "Sentimento Ajka BSK"]
[BlackTeam "Gyori Elektromos"]
[WhiteTeamCountry "HUN"]
[BlackTeamCountry "HUN"]

1. e4 c6 2. d4 g6 3. Nc3 Bg7 4. f4 d6 5. Nf3 b5 6. Bd3 a5 7. O-O Ba6 8. Kh1 b4
9. Ne2 c5 10. c3 Bxd3 11. Qxd3 Nd7 12. Be3 Ngf6 13. e5 Ng4 14. exd6 c4 15. Qe4
e6 16. Ne5 Nxe3 17. Qxe3 Nb6 18. f5 gxf5 19. Rxf5 O-O 20. Rh5 Qxd6 21. Qh3 f6
22. Nf3 h6 23. Nf4 Rac8 24. Qg3 Rf7 25. Rxa5 Nd7 26. Rh5 bxc3 27. bxc3 Qa3 28.
Re1 Qxc3 29. Rxh6 e5 30. Nh5 e4 31. Rg6 Re7 32. Nh4 Qxg3 33. Rxg3 f5 34. Nxg7
Rxg7 35. Nxf5 1-0

[Event "NB I. Charousek csoport"]
[Site "Gyor"]
[Date "2024.04.21"]
[Round "10.4"]
[White "Borzsei, Andras"]
[Black "Jakab, Attila"]
[Result "0-1"]
[WhiteElo "2115"]
[BlackElo "2277"]
[PlyCount "66"]
[EventDate "2023.10.08"]
[EventType "team-tourn"]
[EventRounds "11"]
[EventCountry "HUN"]
[Source "chess.hu"]
[WhiteTeam "Gyori Elektromos"]
[BlackTeam "Sentimento Ajka BSK"]
[WhiteTeamCountry "HUN"]
[BlackTeamCountry "HUN"]

1. d4 Nf6 2. c4 e6 3. Nc3 d5 4. cxd5 exd5 5. Bg5 c6 6. e3 Nbd7 7. Bd3 Be7 8.
Qc2 O-O 9. Nf3 Re8 10. h3 Nf8 11. Bf4 Ng6 12. Bh2 Bd6 13. Bxd6 Qxd6 14. O-O-O
Bd7 15. Kb1 Re7 16. Ng5 Rae8 17. h4 Nf8 18. Rdg1 b6 19. h5 c5 20. Nf3 c4 21.
Bf5 b5 22. Bxd7 Qxd7 23. g4 Nxg4 24. Nxb5 Nxe3 25. fxe3 Qxb5 26. Rxg7+ Kxg7 27.
Qf5 Qc6 28. Ng5 f6 29. Nh3 Qe6 30. Qf1 Qe4+ 31. Ka1 Qxe3 32. Rg1+ Ng6 33. a3
Qxg1 0-1

[Event "NB I. Charousek csoport"]
[Site "Gyor"]
[Date "2024.04.21"]
[Round "10.5"]
[White "Martini, Balazs"]
[Black "Zoldi, Zoltan"]
[Result "1-0"]
[WhiteElo "2342"]
[BlackElo "2098"]
[PlyCount "57"]
[EventDate "2023.10.08"]
[EventType "team-tourn"]
[EventRounds "11"]
[EventCountry "HUN"]
[Source "chess.hu"]
[WhiteTeam "Sentimento Ajka BSK"]
[BlackTeam "Gyori Elektromos"]
[WhiteTeamCountry "HUN"]
[BlackTeamCountry "HUN"]

1. d4 Nf6 2. Bf4 d5 3. e3 e6 4. Nf3 c5 5. c3 Nc6 6. Be2 Be7 7. h3 O-O 8. O-O b6
9. Nbd2 Bb7 10. Re1 Rc8 11. Bb5 a6 12. Bd3 b5 13. a3 cxd4 14. exd4 Na5 15. Bg5
Nc4 16. Qc2 h6 17. Bxf6 Bxf6 18. Nf1 a5 19. Ng3 b4 20. axb4 axb4 21. Qb3 Qd6
22. cxb4 Qb6 23. Rad1 Ba6 24. Bb1 Nd6 25. Nh5 Be7 26. Ne5 Rfd8 27. Qg3 Bf8 28.
Nf6+ Kh8 29. Qg6 1-0

[Event "NB I. Charousek csoport"]
[Site "Gyor"]
[Date "2024.04.21"]
[Round "10.7"]
[White "Konyves, Almos"]
[Black "Jozsa, Csaba"]
[Result "1-0"]
[WhiteElo "2315"]
[BlackElo "2128"]
[PlyCount "67"]
[EventDate "2023.10.08"]
[EventType "team-tourn"]
[EventRounds "11"]
[EventCountry "HUN"]
[Source "chess.hu"]
[WhiteTeam "Sentimento Ajka BSK"]
[BlackTeam "Gyori Elektromos"]
[WhiteTeamCountry "HUN"]
[BlackTeamCountry "HUN"]

1. d4 Nf6 2. c4 g6 3. Nc3 Bg7 4. e4 d6 5. Nf3 O-O 6. Be2 e5 7. Be3 Ng4 8. Bg5
f6 9. Bh4 Nc6 10. d5 Ne7 11. Nd2 Nh6 12. f3 a6 13. b4 f5 14. c5 Nf7 15. Nc4 Bd7
16. Bf2 Nc8 17. Na5 b6 18. cxb6 Nxb6 19. a4 Nh6 20. O-O fxe4 21. fxe4 Qg5 22.
Qc1 Qe7 23. Nc6 Bxc6 24. dxc6 Kh8 25. a5 Nc8 26. Nd5 Qd8 27. Be3 Rxf1+ 28. Qxf1
Na7 29. Bxa6 Ng4 30. Bxa7 Rxa7 31. h3 Nf6 32. Nxf6 Bxf6 33. Bb7 Bg5 34. Qf2 1-0